[Event "Jonquiere Interclubs Saguenay"]
[Site "Jonquiere"]
[Date "1992.01.19"]
[Round "3"]
[White "Emond, Paul"]
[Black "Tremblay, Serge"]
[Result "0-1"]
[WhiteElo "1126"]
[BlackElo "1462"]
[PlyCount "42"]
[EventDate "1992.01.18"]
[EventType "team-swiss"]
[EventRounds "4"]
[EventCountry "CAN"]
[SourceTitle "EXT 2022"]
[Source "ChessBase"]
[SourceDate "2021.10.06"]
[SourceVersion "1"]
[SourceVersionDate "2021.10.06"]
[SourceQuality "1"]

1. e4 e5 2. Nf3 Nc6 3. Bc4 Nf6 4. Ng5 d5 5. exd5 Na5 6. Bb5+ c6 7. dxc6 Nxc6 8. Qf3 Bd7 9. Bc4 Be6 10. Bxe6 fxe6 11. Nxe6 Qe7 12. Nxf8 Rxf8 13. 0-0 Nd4 14. Qd3 Qc5 15. c4 e4 16. Re1 0-0-0 17. Qh3+ Rd7 18. Na3 Nc6 19. Re3 Ne5 20. b3 Nfg4 21. f3 Qxe3+ 0-1